000
00325nam a2200157Ia 4500
100
_a
Sharma/Robin
650
_a
General
942
_c
BK
366
_f
20
245
_a
Who will cry when you die?
260
_b
Jaico Publishing House
_c
2003
082
_a
808.83
_b
SHA
300
_a
225
546
_a
ENGLISH
999
_c
20262
_d
20262